000 00481nam a2200169Ia 4500
003 GCL
008 140319s9999 xx 000 0 eng d
040 _aGCL /
_cGCL
082 0 4 _a946.9
_bS A
100 1 _aSANCHIS, PIERRE
245 1 0 _aARRIAL: LA FETE D'UN PEUPLE: LES PELERINAGES POPULASIRES AU PORTUGE /
_cSANCHIS, PIERRE
260 _a[S.N] :
_bEDITIONS A. ET J. PICARD ،
_c1997
300 _aPARIS
650 0 4 _aHISTORY
650 0 4 _aPORTUGAL - HISTORY
942 _2ddc
_cBK
999 _c16187
_d16187